Incipiunt sermones notabiles atq[ue] perutiles

Podrobná bibliografia
Hlavný autor: Palud, Pierre de, asi 1275-1342 (Autor)
Ďalší autori: Flach, Martin, starší, asi 1440-asi 1514 (Tlačiar)
Médium: Kniha
Jazyk:latinčina
PhysicalDescription:"a2"-"Y6", 315 zachovaných fólií 2° (32x22 cm)

MARC

LEADER 00000nam a2200000 4500
001 vtls001446570
003 SK-MaSNL
005 20260301073007.0
008 240226s1491 fr r 1 lat
015 |a SNBHFA 
038 |a SNKHF 
040 |a SNK  |b slo  |c SNK  |e rda 
041 0 |a lat 
044 |a fr  |c FR 
072 7 |a 27-46/-48  |x Pastorálna teológia  |2 konspekt 
080 |a 2-46  |2 2011 
100 1 |a Palud, Pierre de,  |d asi 1275-1342  |4 aut  |9 129597 
240 1 |a Sermones Thesauri novi de tempore 
245 0 |a Incipiunt sermones notabiles atq[ue] perutiles 
264 3 |a argentine  |b per Martinu[m] flach  |c Anno domini. Mccccxci. (1491) 
300 |a "a2"-"Y6", 315 zachovaných fólií  |c 2° (32x22 cm) 
336 |a text  |b txt  |2 rdacontent 
337 |a bez média  |b n  |2 rdamedia 
338 |a zväzok  |b nc  |2 rdacarier 
500 |a Živé záhlavie, reprezentanty 
510 4 |a ISTC  |c ip00524000 
510 4 |a GW  |c M41783 
562 |a Na prvom zachovanom fóliu rukopisná poznámka v latinčine: Aō. 1791. Vitit tercentis annis liberis isteger ist[...] Pluribus ist vivat tatus [...] Sum Iuvenis Pasiebus morior [...].  |5 SNK Inc B 285 
562 |a Na viacerých miestach latinské rukopisné marginálie, ukazovacie ručičky.  |5 SNK Inc B 285 
562 |a Na fóliu "c" perom dokreslená inicála. Ostatné iniciály bez doplnenia chýba aj rubrikovanie.  |5 SNK Inc B 285 
563 |a Väzba: reštaurovaná zo zachovaným pôvodným poťahom z tmavej kože. Pôvodná väzba neskorogotická  zdobená slepotlačou s rámovou kompozíciou. Stredové zrkadlo prednej a zadnej dosky zdobené brokátovým motívom. Bordúra a vnútorný rám zdobený florálnym a zoomorfným (dvojhlavý orol, lev) kolkom. Pôvodne súčasťou zadného a predného prídoštia tlačený fragment z 1.pol. 16. storočia. Zachované pôvodne knižné väzy a chtbát tlače. Uložené sú samostatne pri tlači.   |5 SNK Inc B 285 
700 1 |a Flach, Martin,  |c starší,  |d asi 1440-asi 1514  |4 prt  |9 200139 
752 |a Francúzsko  |d Štrasburg 
852 |a snk  |b Historické fondy  |p Inc B 285 
958 |a ONDV 
999 |c 642813  |d 644743 
952 |t Inc B 285  |a SNK  |b SNK  |y PREZ  |7 0  |p 17A1399997  |o snkInc B 285  |i snkK 1819/2002  |0 0  |1 0  |4 0  |d 2002-12-16  |f 1  |l 0  |r 2005-01-02 00:00:00  |w 2026-02-23